000 00963nam a2200265Ia 4500
999 _c54245
_d54245
001 21301
003 GE_BSU
005 20211021154922.0
008 181216s2017||||ru |||||||||||||| ||rus||
020 _a9785941784189
040 _cGE_BSU
041 _arus
080 _a327 Б-20
100 _aБагалин, В.А.
_912705
245 _aГеополитика /
_cВ. А. Багалин, А. А. Городилов, В. М. Манукян ; Ред. А. А. Городилова.
264 _aСтарый Оскол :
_bТНТ,
_c2017.
300 _a253 стр. ;
_c21 см.
500 _aБиблиогр. стр. 218-221 ; Приложю словарь имен стр. 222-253
541 _h99 Л.
653 _aГеополитика
700 _aГородилов, А. А.
_eАвтор
_912706
700 _aМанукян, В.М.
_eАвтор
_912707
700 _aГородилова, А. А.
_eРедактор
_912708
942 _cBK
_2udc